Hướng dẫn giải bài tập giải tích; T1
Gardado en:
| Autor Principal: | |
|---|---|
| Formato: | Libro |
| Idioma: | Undetermined |
| Publicado: |
Cần Thơ
Trường Đại học Cần Thơ
1980
|
| Những chủ đề: | |
| Các nhãn: |
Engadir etiqueta
Sen Etiquetas, Sexa o primeiro en etiquetar este rexistro!
|
| Thư viện lưu trữ: | Trung tâm Học liệu Trường Đại học Cần Thơ |
|---|
| LEADER | 00614nam a2200181Ia 4500 | ||
|---|---|---|---|
| 001 | CTU_1310 | ||
| 008 | 210402s9999 xx 000 0 und d | ||
| 082 | |a 515.076 | ||
| 082 | |b H561/T1 | ||
| 100 | |a Trường Đại học Cần Thơ | ||
| 245 | 0 | |a Hướng dẫn giải bài tập giải tích; T1 | |
| 245 | 0 | |c Trường Đại học Cần Thơ | |
| 260 | |a Cần Thơ | ||
| 260 | |b Trường Đại học Cần Thơ | ||
| 260 | |c 1980 | ||
| 650 | |a mathematical analysis - problems, exercises | ||
| 904 | |i Minh, 960813 | ||
| 980 | |a Trung tâm Học liệu Trường Đại học Cần Thơ | ||